| 000 | 00815nam a22002057a 4500 | ||
|---|---|---|---|
| 999 |
_c13429 _d13429 |
||
| 003 | AR-CdUCM | ||
| 008 | 190415b ||||| |||| 00| 0 spa d | ||
| 040 |
_aMUNICIPALIDAD PROVINCIAL DEL CUSCO _cBIBLIOTECA MUNICIPAL DEL CUSCO |
||
| 082 |
_aC / 348.4 / _bM77 |
||
| 100 |
_aMontoya Fernández, Serapio _931846 |
||
| 245 | _aJurisprudencia agraria, conforme a la sistemática del Código de procedimientos civiles y texto único concordado del Decreto Ley 17716 y ampliatorias de 1969 a 1975 / | ||
| 260 |
_aCusco : _bGarcilaso, _c1976. |
||
| 300 |
_a628 páginas ; _c21 cm. |
||
| 505 | _aContenido: t.2. Compendio de ejecutorias agrarias y disposiciones conexas. | ||
| 650 |
_aDerecho agrario _94838 |
||
| 650 |
_aPerú _935 |
||
| 650 |
_aJurisprudencia _9927 |
||
| 942 |
_2ddc _cLIBROS |
||
| 945 |
_aacv _d2019-04-15 |
||